Central Library OPAC University of Rajshahi

Pakistan affairs / (Record no. 26886)

MARC details
000 -LEADER
fixed length control field 00621nam a22002292 4500
001 - CONTROL NUMBER
control field 26886
003 - CONTROL NUMBER IDENTIFIER
rucl marc code BD-RjUL
005 - DATE AND TIME OF LATEST TRANSACTION
control field 20211209051100.0
008 - FIXED-LENGTH DATA ELEMENTS--GENERAL INFORMATION
fixed length control field 140324s1968 pk 000 0 eng d
035 ## - SYSTEM CONTROL NUMBER
System control number (BD-RjUL)26957
040 ## - CATALOGING SOURCE
Original cataloging agency HIR
Transcribing agency HIR
Modifying agency EQO
-- BD-RjUL
Language of cataloging eng
041 ## - LANGUAGE CODE
Language code of text/sound track or separate title eng
082 ## - DEWEY DECIMAL CLASSIFICATION NUMBER
Classification number 320.95491
Edition number 23
Author mark and year MAP 1968
100 1# - MAIN ENTRY--PERSONAL NAME
Personal name Mahmood, Safdar
9 (RLIN) 82629
245 10 - TITLE STATEMENT
Title Pakistan affairs /
Statement of responsibility, etc. Safdar Mahmood.
250 ## - EDITION STATEMENT
Edition statement 2nd ed.
260 ## - PUBLICATION, DISTRIBUTION, ETC. (IMPRINT)
Place of publication, distribution, etc. Lahore :
Name of publisher, distributor, etc. Publishers United,
Date of publication, distribution, etc. 1968.
300 ## - PHYSICAL DESCRIPTION
Pagination 204 p. ;
Size 22 cm.
651 #0 - SUBJECT ADDED ENTRY--GEOGRAPHIC NAME
Geographic name Pakistan.
General subdivision Politics and government.
9 (RLIN) 82630
942 ## - ADDED ENTRY ELEMENTS (KOHA)
Source of classification or shelving scheme Dewey Decimal Classification
Koha item type Books
Holdings
Lost status Source of classification or shelving scheme Damaged status Not for loan Collection code Permanent Location Current Location Shelving location Date acquired Source of acquisition Cost, normal purchase price Total Checkouts Full call number Date last seen Copy number Koha item type
  Dewey Decimal Classification   Added to bundle Non-fiction Central Library, University of Rajshahi Central Library, University of Rajshahi Reading Room 18/10/1968 Pul. United, Lahore 7.00   320.95491 MAP 1968 24/03/2014 C-1 Books
  Dewey Decimal Classification     Non-fiction Central Library, University of Rajshahi Central Library, University of Rajshahi   18/10/1968 Pul. United, Lahore 7.00   320.95491 MAP 1968 24/03/2014 C-2 Books
  Dewey Decimal Classification     Non-fiction Central Library, University of Rajshahi Central Library, University of Rajshahi   18/10/1968 Pul. United, Lahore 7.00   320.95491 MAP 1968 24/03/2014 C-3 Books
  Dewey Decimal Classification     Non-fiction Central Library, University of Rajshahi Central Library, University of Rajshahi   18/10/1968 Pul. United, Lahore 7.00   320.95491 MAP 1968 24/03/2014 C-6 Books
  Dewey Decimal Classification     Non-fiction Central Library, University of Rajshahi Central Library, University of Rajshahi   18/10/1968 Pul. United, Lahore 7.00   320.95491 MAP 1968 24/03/2014 C-7 Books
  Dewey Decimal Classification     Non-fiction Central Library, University of Rajshahi Central Library, University of Rajshahi   18/10/1968 Pul. United, Lahore 7.00   320.95491 MAP 1968 24/03/2014 C-8 Books
  Dewey Decimal Classification     Non-fiction Central Library, University of Rajshahi Central Library, University of Rajshahi   18/10/1968 Pul. United, Lahore 7.00   320.95491 MAP 1968 24/03/2014 C-9 Books
  Dewey Decimal Classification     Non-fiction Central Library, University of Rajshahi Central Library, University of Rajshahi   18/10/1968 Pul. United, Lahore 7.00   320.95491 MAP 1968 24/03/2014 C-10 Books